Normal view MARC view
  • Aʻwān, Maḥmūd,

Entry Personal Name

Number of records used in: 2

001 - CONTROL NUMBER

  • control field: 14917

003 - CONTROL NUMBER IDENTIFIER

  • control field: NUST

005 - DATE AND TIME OF LATEST TRANSACTION

  • control field: 20190616074332.0

008 - FIXED-LENGTH DATA ELEMENTS

  • fixed length control field: 190616|| aca||aabn | a|a d

040 ## - CATALOGING SOURCE

  • Original cataloging agency: NUST
  • Transcribing agency: NUST

100 ## - HEADING--PERSONAL NAME

  • Personal name: Aʻwān, Maḥmūd,
  • Dates associated with a name: 1977-

670 ## - SOURCE DATA FOUND

  • Source citation: Work cat.: (NUST)0: Aʻwān, Maḥmūd, 1977-, Vīnī likhyā din /, 2012.
© 2023 Central Library, National University of Sciences and Technology. All Rights Reserved.